书目信息 |
| 题名: |
国际设计年刊
|
|
| 作者: | 狄克逊 著 ;侯晓盼 译 | |
| 分册: | 2006 | |
| 出版信息: | 北京 中国建筑工业出版社 2006.08 |
|
| 页数: | 239页 | |
| 开本: | 29cm | |
| 丛书名: | ||
| 单 册: | ||
| 中图分类: | J534-55 | |
| 科图分类: | ||
| 主题词: | 实用美术--shi yong mei shu--设计--世界--2006--丛刊 | |
| 电子资源: | ||
| ISBN: | 7-112-05211-4 | |
| 000 | 00965nam0 2200241 450 | |
| 001 | 012007556468 | |
| 005 | 20191028083804.08 | |
| 010 | @a7-112-05211-4@dCNY98.00 | |
| 100 | @a20070726d2006 km y0chiy0120 ea | |
| 101 | 1 | @achi@ceng |
| 102 | @aCN@b110000 | |
| 105 | @aa z 000yy | |
| 200 | 1 | @a国际设计年刊@Aguo ji she ji nian kan@d= The international design yearbook@h2006@f(英) 汤姆·狄克逊著@F(ying)tang mu·di ke xun zhu@g侯晓盼译@Ghou xiao pan yi@zeng |
| 210 | @a北京@c中国建筑工业出版社@d2006.08 | |
| 215 | @a239页@c图@d29cm | |
| 330 | @a本书收集的设计作品都是从各国提交的作品中精选出的那些构思奇特、个性突出的原创作品,主要包括造型独特的椅子、玻璃器皿、灯具、玩具等。 | |
| 500 | 10 | @aInternational design yearbook@mChinese |
| 606 | 0 | @a实用美术@Ashi yong mei shu@x设计@y世界@z2006@j丛刊 |
| 690 | @aJ534-55@v4 | |
| 701 | 1 | @a狄克逊@Adi ke xun@g(Dixon, Tom)@4著 |
| 702 | 0 | @a侯晓盼@Ahou xiao pan@4译 |
| 801 | 0 | @aCN@c20070929 |
| 905 | @dJ534-55@eD361 | |
| 国际设计年刊= The international design yearbook.2006/(英) 汤姆·狄克逊著/侯晓盼译.-北京:中国建筑工业出版社,2006.08 |
| 239页:图;29cm |
| ISBN 7-112-05211-4:CNY98.00 |
| 本书收集的设计作品都是从各国提交的作品中精选出的那些构思奇特、个性突出的原创作品,主要包括造型独特的椅子、玻璃器皿、灯具、玩具等。 |
| ● |
| 相关链接 |
|
|
|
正题名:国际设计年刊
索取号:J534-55/D361
 
预约/预借
| 序号 | 登录号 | 条形码 | 馆藏地/架位号 | 状态 | 备注 |
| 1 | 1241450 | 212414500 | 社科库309/309社科库 89排4列4层/ [索取号:J534-55/D361] | 在馆 | |
| 2 | 1241451 | 212414519 | 自科二线404/404自科库 4排3列1层/ [索取号:J534-55/D361] | 在馆 | |
| 3 | 1241452 | 212414528 | 社科库309/309社科库 89排4列4层/ [索取号:J534-55/D361] | 在馆 | |
| 4 | 1241453 | 212414537 | 社科库309/309社科库 89排4列4层/ [索取号:J534-55/D361] | 在馆 | |
| 5 | 1241454 | 212414546 | 自科二线404/404自科库 4排3列1层/ [索取号:J534-55/D361] | 在馆 | |
| 6 | 249496 | 202494960 | 社科库309/309社科库 89排4列4层/ [索取号:J534-55/D361] | 在馆 |